| 000 | 02043nam a22003497i 4500 | ||
|---|---|---|---|
| 003 | DO-SdBNP | ||
| 005 | 20260516164736.0 | ||
| 007 | ta | ||
| 008 | 210622e1994 dr abc|er|||| 001 0dspa d | ||
| 040 |
_aDO-SdBNP _bspa _cBNPHU _erda |
||
| 041 | _aspa | ||
| 082 |
_a327.116 _bT233a _223 |
||
| 100 | 1 |
_aTaveras P. , Juan A. _d1950 - _978958 _4aut. _eautor |
|
| 245 | 1 | 3 |
_aArde el imperio : _bla importancia de la OTAN, la seguridad de Europa y la amenaza latente del Golfo Pérsico / _cJuan A. Taveras P. |
| 250 | _aPrimera edición | ||
| 260 |
_aSanto Domingo, República Dominicana : _bEditora Alfa & Omega, _c1994 |
||
| 300 |
_a93 páginas : _bilustarciones, mapas, retratos.; _c21 cm |
||
| 336 |
_2rdacontent _atexto _btxt |
||
| 337 |
_2rdamedia _asin mediación _bn |
||
| 338 |
_2rdacarrier _avolumen _bnc |
||
| 504 | _aBibliografía, p. 91 - 93 | ||
| 505 | 0 | 0 |
_aIntroducción. _gCapítulo I _tLa creación de la alianza militar del Atlántico.-- Historia de la Alianza Atlántica.-- Crisis del comunismo. -- _gCapítulo II. _tFin de la guerra fría entre los dos bloques ideológicos.-- La guerra del Golfo Pérsico.-- Participación de Alemania en la primera y segunda guerras mundiales.-- De la división a la unidad alemana.-- _gCapítulo III. _tEl compromiso norteamericano con Europa.-- La cooperación entre las repúblicas de la ex-república URSS-- La OTAN y la pacificación de la ex-Yugoslavia.-- La federación entre Croacia y Bosnia.-- Situación actual de la ciudad de Gorazde y la OTAN.-- Alianza militar con afinidad a la OTAN.-- Alianza comercial euro-americana |
| 505 | 0 | 0 | _aBibliografía. |
| 590 | _aInventariado, 2023 / DG | ||
| 610 | 7 |
_2librunam _aOrganización del Tratado del Atlántico Norte _989620 _xHistoria |
|
| 650 | 7 |
_2lemb _aSeguridad internacional _y1990-1999 _zEuropa _989621 |
|
| 650 | 7 |
_2lemb _aGuerra del Golfo, 1991 _989623 |
|
| 651 | 7 |
_aRegión del Golgo Pérsico _2lemb _xRelaciones militares _989622 |
|
| 651 | 7 |
_aEuropa _xRelaciones militares _zEstados Unidos _989624 |
|
| 910 | _aDG | ||
| 942 |
_2ddc _cLBS1 |
||
| 999 |
_c49981 _d49981 |
||